| 000 | 00793nam a2200241 i 4500 | ||
|---|---|---|---|
| 001 | 15068 | ||
| 003 | ES-MaACL | ||
| 005 | 20250126063041.0 | ||
| 007 | t| | ||
| 008 | 991215s1999 sp ||||1| spa d | ||
| 020 | _a84-95379-00-7 | ||
| 080 | _a946.0"1936/39" | ||
| 100 | 0 |
_aBahamonde Magro, Angel, _d1949- _924660 |
|
| 245 | 1 | 0 |
_aAsí terminó la guerra de España / _cAngel Bahamonde Magro, Javier Cervera Gil. |
| 260 |
_aMadrid : _bMarcial Pons, Ediciones de Historia, _c1999. |
||
| 300 |
_a529 p. ; _c21 cm. |
||
| 490 | 1 | _aColección Estudios | |
| 651 | 4 |
_aEspaña- _xHistoria- _y1936-1939, Guerra civil. _98292 |
|
| 700 | 1 |
_aCervera Gil, Javier. _937641 |
|
| 830 | 0 |
_aColección estudios _9178843 |
|
| 852 |
_aES-MaACL _jL-22321 _bR.127630 |
||
| 999 |
_c15068 _d15068 |
||